000 00714nam a2200253Ia 4500
003 OSt
005 20221006160801.0
006 a|||||r|||| 00| 0
007 ta
008 221006b |||||||| |||| 00| 0 eng d
020 _a9781597971119
_c
_29.95
024 _a46,353
037 _cTextual
040 _aEASL
_cEASL
_beng
041 _2eng
_aeng
082 _aV4952:194951. P6, P7
100 _aBECHTOL Bruce E.
_9672640
245 0 _aRed Rogue the persistent challenge of North Korea
260 _aWashington
_bPotomac Books U.S.A
_c2007
300 _a285p.
_ccm.
490 _v KEL
942 _hV4952:194951. P6, P7
_cTEXL
_2CC
999 _c1114445
_d1114445